000 00292nam a2200133 i 4500
001 bg
245 0 _aOrtograficeskij slovar rosskogo jazika.
250 _aIzd.7.
260 _aMoskva,
_c1967.
040 _cBPK
041 _apol
942 _cKS
008 s pl f |000 0 pol
999 _c26705
_d26705
856 _uhttp://koha.tu.koszalin.pl/cgi-bin/koha/opac-detail.pl?biblionumber=26705
_yKatalog online BPK